Tata's mini refresher engineering environment and society / (Record no. 132135)

MARC details
000 -LEADER
fixed length control field 00664nam a22002177a 4500
005 - DATE AND TIME OF LATEST TRANSACTION
control field 20170124110148.0
010 ## - LIBRARY OF CONGRESS CONTROL NUMBER
LC control number A-813103
020 ## - INTERNATIONAL STANDARD BOOK NUMBER
Terms of availability 85.00
International Standard Book Number 8125608264
035 ## - SYSTEM CONTROL NUMBER
System control number A-813103
037 ## - SOURCE OF ACQUISITION
Source of stock number/acquisition Cen Lib/Ret
040 ## - CATALOGING SOURCE
Original cataloging agency DPL
Language of cataloging EN
082 ## - DEWEY DECIMAL CLASSIFICATION NUMBER
Classification number 628
Item number GUP
100 ## - MAIN ENTRY--PERSONAL NAME
Personal name Gupta, A. P.
9 (RLIN) 94004
245 ## - TITLE STATEMENT
Title Tata's mini refresher engineering environment and society /
Statement of responsibility, etc by A. P. Gupta
260 ## - PUBLICATION, DISTRIBUTION, ETC. (IMPRINT)
Place of publication, distribution, etc Delhi
Name of publisher, distributor, etc Tata Publishers
Date of publication, distribution, etc 1995
270 ## - ADDRESS
Address 1/5544, Govind Marg, Shivaji Park, Shahdara
City Delhi
Postal code 110032
300 ## - PHYSICAL DESCRIPTION
Extent 472p.
Dimensions 20cm(Hb)
650 ## - SUBJECT ADDED ENTRY--TOPICAL TERM
Topical term or geographic name as entry element Engineering environment
9 (RLIN) 94005
650 ## - SUBJECT ADDED ENTRY--TOPICAL TERM
Topical term or geographic name as entry element Engineering
9 (RLIN) 7671
942 ## - ADDED ENTRY ELEMENTS (KOHA)
Source of classification or shelving scheme Dewey Decimal Classification
Koha item type English Books
Classification part 628
Call number suffix GUP
Holdings
Withdrawn status Lost status Damaged status Not for loan Home library Current library Date acquired Source of acquisition Cost, normal purchase price Total Checkouts Full call number Barcode Date last seen Copy number Cost, replacement price Price effective from Koha item type
        Central Library Central Library 21/07/2015 Cen Lib/Ret 85.00   628 GUP A-813103 21/07/2015 1 85.00 21/07/2015 English Books

© Delhi Public Library
Hit Counter
free hit counter